00363nam a22001217a 4500008004100000040001800041041000800059100003500067245004100102260004900143300001800192500003100210130821s1932 ck gr spa  aCo-BoUCMbspa00aspa aCaro, Miguel Antonio,1843-190900aObras completascMiguel Antonio Caro aBogotá (Colombia)bImprenta Nacionalc1932 a2 volúmenes aBiblioteca tiene v.1 y v 6